• 首页
  • 本馆介绍
  • 公告通知
  • 最新文献
  • 馆藏检索
  • 电子资源
  • 读者导购
  • 参考咨询
  • 我的图书馆
  • 登录
  • 详细信息显示
  • 放入我的书架
  • 预约/预借图书
  • 作者相关作品
  • 分类相关作品
  • 丛书相关作品
  • 出版社相关作品

书目信息

  • 表格格式
  • 工作单格式
  • 卡片格式
题名:
上海电影百年图史
    
 
作者: 杨金福 编著
分册:  
出版信息: 上海   文汇出版社  2006
页数: 310页
开本: 29cm
丛书名:
单 册:
中图分类: J909.2
科图分类:
主题词: 电影史--上海市--1905~2005 , 电影史
电子资源:
ISBN: 7-80676-930-7
000 00756nam0 2200229 450
001 010040029010
005 20061115080545.67
010    @a7-80676-930-7@dCNY45.00
100    @a20051231d2006 em y0chiy0110 ea
101 0  @achi
102    @aCN@b310000
105    @ay z 000yy
200 1  @a上海电影百年图史@9shang hai dian ying bai nian tu shi@e1905~2005@f杨金福编著
210    @a上海@c文汇出版社@d2006
215    @a310页@d29cm
330    @a本书以电影产业发展为脉络,以影片为主干,扩展至影人、影评等。充分吸收国内外最新成果,以图文并茂的形式表现上海电影百年史。
606 0  @a电影史@y上海市@z1905~2005
606 0  @a电影史
690    @aJ909.2@v4
701  0 @a杨金福@9yang jin fu@4编著
801  0 @aCN@bRENTIAN@c20061115
905    @a10447@dJ909.2@e154
    
    上海电影百年图史:1905~2005/杨金福编著.-上海:文汇出版社,2006
    310页;29cm
    
    
    ISBN 7-80676-930-7:CNY45.00
    本书以电影产业发展为脉络,以影片为主干,扩展至影人、影评等。充分吸收国内外最新成果,以图文并茂的形式表现上海电影百年史。
●
相关链接 在E读中查询图书 在五车中查询图书 在当当中查询图书 在豆瓣中查询图书


正题名:上海电影百年图史     索取号:J909.2/154         预约/预借

序号 登录号 条形码 馆藏地/架位号 状态 备注
1 0382898   203828983   第一样本阅览室/ [索取号:J909.2/154] 在馆    
2 0382899   203828992   第一借阅区/ [索取号:J909.2/154] 在馆    
3 0382900   203829009   第一借阅区/ [索取号:J909.2/154] 在馆    
唐山师范学院图书馆 欢迎您!
大连网信软件有限公司© 版权所有